000 01363nam a2200313 i 4500
001 000032493
003 DO-SdBNP
005 20260602153144.0
007 ta
008 110718d1982 dr ac 000 0 spa d
040 _aDO-SdBNP
_bspa
_cBNPHU
_erda
041 _aspa
082 _a972.9323
_bR696a
_223
100 1 _aRodríguez Bonilla, Manuel
_eautor
_938657
_4aut.
245 1 0 _aAlbum histórico de Mao :
_b100 años de vida municipal /
_cManuel Rodríguez Bonilla, Francisco Antonio Bonilla ; fotografía, Leonel Castillo
264 _aMao, República Dominicana :
_b[editor no identificado],
_c1982
300 _a68 páginas :
_bilustraciones, retratos. ;
_c22 x 23 cm
336 _2rdacontent
_atexto
_btxt
337 _2rdamedia
_asin mediación
_bn
338 _2rdacarrier
_avolumen
_bnc
505 _aLibro de fotografías históricas de Mao y sus munícipes preparado y publicado por Manuel Rodríguez Bonilla y Francisco Antonio Bonilla (Quiquito) en 1982 al celebrar el municipio de Mao 100 años de su fundación.
590 _aInventariado, 2024/DG
651 _aMao (Valverde, República Dominicana)
_xHistoria
_ySiglo XX
_989844
651 _aMao (Valverde, República Dominicana)
_xAniversarios
_989845
700 1 _aBonilla, Antonio
_958435
_4aut.
_eautor
700 1 _aCastillo, Leonel
_efotógrafo
_978619
910 _aDG
942 _2ddc
_cLBS1
999 _c31984
_d31984